000 00695nam a2200265Ia 4500
005 20260302115719.0
008 008 260114s9999 xx 000 0 eng d
020 _a9798881843267
037 _aTextbook
040 _aCRL
040 _beng
040 _cCRL
041 _2eng
041 _aeng
084 _qCRL
100 _aJeffrey Sussman
_91122427
245 0 _aBackbeat Gangsters The Rise and Decline of the Mob in Rock Music
260 _bBloomsbury
260 _bRowman & Littlefield
260 _c2025
650 _aLaw
856 _uhttps://doi.org/10.5040/9798881843267?locatt=label:secondary_bloomsburyCollections
942 _cEBOOK
999 _c1687211
_d1687211